| 000 | 00960nas a2200325 4500 | ||
|---|---|---|---|
| 001 | BR2019000611 | ||
| 003 | BR-BrBNA | ||
| 005 | 20231205131623.0 | ||
| 007 | ta | ||
| 008 | 230509b bl.|||p| |||| 00| 00por d | ||
| 040 |
_aBR-BrBNA _bpor _cBiblioteca Nacional de Agricultura |
||
| 041 | _a(Pt) | ||
| 072 | _aF01 | ||
| 100 | 1 | _aVendruscolo, E.P. | |
| 100 | 1 | _aCampos, L.F.C. | |
| 100 | 1 | _aCorreia, S.R. | |
| 100 | 1 | _aMartins, A.P.B. | |
| 100 | 1 | _aRodrigues, A.H.A. | |
| 100 | 1 | _aSeleguini, A. | |
| 245 | 1 | _aConcentração e formas de aplicação de niacina em rabanete | |
| 650 | _aRABANETE | ||
| 650 | _aABSORÇÃO DE NUTRIENTES | ||
| 650 | _aCRESCIMENTO | ||
| 650 | _aÁCIDO NICOTÍNICO | ||
| 650 | _aPRODUTIVIDADE | ||
| 773 | 0 |
_tAgrotrópica (Brazil) _xISSN 0103-3816 _g(Sep-Dec 2017), v. 29(3) p. 245-250 _wBR2019000611 |
|
| 856 | 4 | 0 | _dLink DSPACE/MAPA BR2019000611 |
| 909 |
_a202311 _bLúcia _c55 _dLúcia Elande |
||
| 942 |
_2AGRIS _n0 _cANA |
||
| 999 |
_c255762 _d255762 |
||